[Event "WYCC U16 Open 2013"]
[Site "Al-Ain UAE"]
[Date "2013.12.28"]
[Round "11.43"]
[White "Pamatmat, Jarod M"]
[Black "Bezuidenhout, Roland"]
[Result "1/2-1/2"]
[BlackTitle "CM"]
[WhiteElo "2164"]
[BlackElo "2037"]
[WhiteFideId "2029685"]
[BlackFideId "14304562"]
[EventDate "2013.12.18"]

1. d4 d6 2. c4 e5 3. e3 Nd7 4. Nf3 Ngf6 5. Nc3 Be7 6. g3 c6 7. Bg2 O-O 8. O-O
Re8 9. b3 Rb8 10. Qc2 a6 11. a4 Bf8 12. Rd1 e4 13. Ne1 d5 14. f3 exf3 15. Bxf3
dxc4 16. bxc4 Nb6 17. Qd3 Bb4 18. Nb1 Be6 19. c5 Bxe1 20. Rxe1 Nc4 21. Qc3 Na5
22. Bd2 Nb3 23. Ra3 Nxd2 24. Nxd2 Nd5 25. Qb2 b5 26. cxb6 Rxb6 27. Qc1 Qf6 28.
a5 Rbb8 29. Rf1 Qe7 30. Nc4 Bh3 31. Re1 Qf6 32. Qd1 Nc7 33. e4 Nb5 34. Rd3 Rbd8
35. d5 Nc3 36. Qd2 Nxe4 37. Bxe4 Rxe4 38. Ne3 Rde8 39. d6 Bd7 40. Rf1 Qe5 41.
Qf2 f6 42. Nf5 Re2 43. Qf3 Qc5+ 44. Kh1 Bxf5 45. d7 Bxd3 46. Qxd3 Qd5+ 47. Qxd5+
cxd5 48. dxe8=Q+ Rxe8 49. Rb1 d4 50. Rd1 Re5 51. Rxd4 Rxa5 52. Rd7 Ra2 53. Ra7
h5 54. h4 Kh7 55. Kg1 a5 56. Kh1 Kh6 57. Kg1 g5 58. hxg5+ Kxg5 59. Ra6 a4 60.
Kf1 a3 61. Ra4 Kf5 62. Ke1 Ra1+ 63. Kf2 a2 64. Kg2 Ke5 65. Kh2 Kd5 66. Kg2 Kc5
67. Ra5+ Kb4 68. Ra8 Kb3 69. Rb8+ Kc3 70. Ra8 Kd3 71. Rd8+ Ke3 72. Re8+ Kd3 73.
Rd8+ Ke3 74. Re8+ 1/2-1/2

[Event "WYCC U16 Open 2013"]
[Site "Al-Ain UAE"]
[Date "2013.12.28"]
[Round "11.44"]
[White "Daskalov, Dimitar"]
[Black "Malhotra, Tarun"]
[Result "0-1"]
[WhiteElo "2156"]
[BlackElo "1988"]
[WhiteFideId "2902800"]
[BlackFideId "5020549"]
[EventDate "2013.12.18"]

1. e4 c5 2. Nc3 Nc6 3. f4 e6 4. Nf3 d5 5. Bb5 Ne7 6. exd5 exd5 7. Qe2 g6 8. Ne5
Qd6 9. Nxd5 Qxd5 10. Bc4 Qd6 11. Nxf7 Qf6 12. d3 Rg8 13. Ng5 Nd4 14. Qf2 Rg7 15.
c3 Ndf5 16. Ne4 Qb6 17. O-O Nd6 18. Nxd6+ Qxd6 19. Re1 Kd8 20. f5 gxf5 21. Qf4
Qc6 22. d4 b5 23. d5 Qb6 24. Be2 Ng6 25. Qe3 Bd7 26. b4 Rc8 27. d6 Qxd6 28. Rd1
f4 29. Bg4 Rc7 0-1

[Event "WYCC U16 Open 2013"]
[Site "Al-Ain UAE"]
[Date "2013.12.28"]
[Round "11.45"]
[White "Rydstrom, Tom"]
[Black "Li, Xiang Wei  William"]
[Result "1-0"]
[WhiteElo "2156"]
[BlackElo "1846"]
[WhiteFideId "1714830"]
[BlackFideId "4303300"]
[EventDate "2013.12.18"]

1. e4 c5 2. Nf3 d6 3. d4 Nf6 4. Nc3 cxd4 5. Nxd4 a6 6. Bg5 e6 7. f3 Be7 8. Qd2
Qc7 9. O-O-O Nbd7 10. h4 b5 11. Kb1 Nb6 12. a3 Rb8 13. g4 Nc4 14. Bxc4 Qxc4 15.
Nb3 Bd7 16. e5 Nd5 17. Bxe7 Nxe7 18. Qxd6 Rd8 19. Rd4 Nc8 20. Qxa6 Qc6 21. Qxc6
Bxc6 22. Rxd8+ Kxd8 23. Nd4 Na7 24. Rd1 Kc7 25. Nxc6 Kxc6 26. Rd6+ Kc7 27. f4 h5
28. g5 g6 29. Ka2 Rb8 30. Ne4 b4 31. Nc5 Rc8 32. Na6+ Kb7 33. Nxb4 Ka8 34. Rd7
Rc4 35. Rxf7 1-0

[Event "WYCC U16 Open 2013"]
[Site "Al-Ain UAE"]
[Date "2013.12.28"]
[Round "11.46"]
[White "Machan, Jan"]
[Black "Berman, Jacob"]
[Result "1-0"]
[WhiteElo "2147"]
[BlackElo "1795"]
[WhiteFideId "334774"]
[BlackFideId "2071010"]
[EventDate "2013.12.18"]

1. Nf3 e6 2. d4 d5 3. c4 Nf6 4. g3 Be7 5. Bg2 O-O 6. Nbd2 dxc4 7. Nxc4 c5 8. O-O
Nc6 9. dxc5 Bxc5 10. Nfe5 Nxe5 11. Nxe5 Qc7 12. Nd3 e5 13. Bg5 Be7 14. Rc1 Qa5
15. a3 Rd8 16. Bd2 Qb5 17. a4 Qd7 18. Ba5 Re8 19. Nxe5 Qe6 20. Bc7 Bf8 21. e3
Re7 22. Bd6 Re8 23. Bxf8 Kxf8 24. Nc4 Kg8 25. Qd6 Qf5 26. Qc7 Ne4 27. Bxe4 Qxe4
28. Nd6 Qe6 29. Nxe8 Qxe8 30. Qf4 Bd7 31. b3 Qe6 32. Qc4 Qh3 33. f3 Re8 34. e4
Qh6 35. Qd4 Bc6 36. Qxa7 Rd8 37. Rcd1 Qf6 38. Rxd8+ Qxd8 39. Qe3 h6 40. Rf2 b5
41. Rd2 Qa5 42. Rd6 Be8 43. Qd2 Qa7+ 44. Qd4 Qe7 45. a5 Kh7 46. a6 Qc7 47. a7
Qa5 48. b4 Qa3 49. Kg2 Qa2+ 50. Qf2 Qa3 51. Rd2 1-0

[Event "WYCC U16 Open 2013"]
[Site "Al-Ain UAE"]
[Date "2013.12.28"]
[Round "11.47"]
[White "Nastase, Robert-Paul"]
[Black "Kalra, Agastya"]
[Result "0-1"]
[WhiteElo "2141"]
[BlackElo "1956"]
[WhiteFideId "1221175"]
[BlackFideId "2604744"]
[EventDate "2013.12.18"]

1. e4 c5 2. c3 d5 3. exd5 Qxd5 4. d4 Nf6 5. Nf3 Bg4 6. Be2 Nc6 7. O-O e6 8. Be3
cxd4 9. cxd4 Be7 10. Nc3 Qa5 11. h3 Bh5 12. a3 a6 13. b4 Qc7 14. Rc1 O-O 15. d5
Rfd8 16. Nd4 Bxe2 17. Qxe2 Nxd5 18. Nxd5 Rxd5 19. Nxc6 bxc6 20. Qc4 a5 21. Bf4
Qb7 22. Qxc6 Qxc6 23. Rxc6 axb4 24. axb4 Bxb4 25. Rb1 Bd2 26. Ra6 Re8 27. Bd6 g5
28. g3 Bc3 29. Rb7 Rc8 30. Be7 Bd4 31. Ra2 h6 32. Kg2 Kg7 33. Re2 Kg6 34. h4 g4
35. Re4 h5 36. Bb4 Rc4 37. Re2 Rc1 38. Be1 Bf6 39. f3 gxf3+ 40. Kxf3 Rf5+ 41.
Kg2 Re5 42. Rxe5 Bxe5 43. Bf2 Rc2 44. Kf3 Rc3+ 45. Kg2 Rd3 46. Re7 Rd2 47. Kf3
Rd3+ 48. Ke4 Bxg3 49. Kxd3 Bxf2 50. Ke4 Bxh4 51. Re8 Bg5 52. Rg8+ Kf6 53. Ra8 h4
54. Ra3 Kg6 55. Ke5 Bd2 56. Rf3 Bg5 57. Rh3 Bf6+ 58. Kf4 Kh5 59. Rf3 Bg7 60. Rf1
f6 61. Re1 Bh6+ 62. Kf3 e5 63. Ke4 h3 64. Kf5 Bg5 65. Ra1 Kh4 66. Ra4+ Kg3 67.
Ra3+ Kg2 68. Ra2+ Kf3 69. Ra3+ Be3 70. Ra2 e4 71. Kxf6 Bg1 72. Ra8 h2 0-1

[Event "WYCC U16 Open 2013"]
[Site "Al-Ain UAE"]
[Date "2013.12.28"]
[Round "11.48"]
[White "Shavdirov, Jahongir"]
[Black "Filipets, Egor"]
[Result "1/2-1/2"]
[WhiteElo "1922"]
[BlackElo "2112"]
[WhiteFideId "14204193"]
[BlackFideId "13503928"]
[EventDate "2013.12.18"]

1. Nf3 f5 2. c4 Nf6 3. g3 g6 4. Bg2 Bg7 5. O-O O-O 6. Nc3 d6 7. d4 Qe8 8. d5 Na6
9. Be3 e5 10. dxe6 Qxe6 11. Nd5 c6 12. Ng5 Qd7 13. Nxf6+ Bxf6 14. Qd2 Qe7 15.
Rad1 Rd8 16. h4 Nc7 17. Bf4 Ne6 18. Bxd6 Bxg5 19. hxg5 Qxg5 20. Qxg5 Nxg5 21.
Be7 Rxd1 22. Rxd1 Nf7 23. b3 Be6 24. e3 a5 25. a4 Rb8 26. Bf1 Ne5 27. Be2 Nd7
28. Bd6 Rc8 29. Ba3 Kf7 30. Kg2 Nf6 31. Bc5 b5 32. Bb6 bxa4 33. bxa4 Ne4 34. Rc1
Rb8 35. c5 Bd5 36. Bc4 Nc3+ 37. f3 Nxa4 38. Bxd5+ cxd5 39. Bxa5 Rb2+ 40. Kh3 Rb5
41. Bb6 Ke6 42. Ba7 Kd7 43. c6+ Kc7 44. Bd4 Nb6 45. Be5+ Kc8 46. Bf4 Nc4 47. e4
Nb6 48. e5 Rb2 49. e6 Re2 50. Rb1 g5 51. Bxg5 Kc7 52. e7 Kxc6 53. g4 fxg4+ 54.
Kxg4 Nc8 55. Rc1+ Kd7 56. Rc5 Rg2+ 57. Kf5 Nd6+ 58. Kf4 h6 59. Bxh6 Kxe7 60.
Rxd5 Nf7 61. Bg5+ Ke6 62. Rf5 Nxg5 63. Rxg5 Ra2 64. Rf5 Rg2 65. Ra5 Rb2 66. Ra6+
Kf7 67. Kg4 Rb4+ 68. f4 Rb5 69. Ra4 Rc5 70. Ra7+ Kf6 71. Rh7 Kg6 72. Rh8 Kg7 73.
Re8 Kf7 74. Rd8 Ra5 75. Rb8 Rc5 76. Rb6 Ra5 77. f5 Ra1 78. Rb3 Rg1+ 79. Rg3
Rxg3+ 80. Kxg3 Kf6 1/2-1/2

[Event "WYCC U16 Open 2013"]
[Site "Al-Ain UAE"]
[Date "2013.12.28"]
[Round "11.49"]
[White "Kessler, Luca"]
[Black "Lien, Kjell Hakon"]
[Result "1-0"]
[WhiteElo "2249"]
[BlackElo "2011"]
[WhiteFideId "1600087"]
[BlackFideId "1510444"]
[EventDate "2013.12.18"]

1. e4 e5 2. Nf3 Nc6 3. Bb5 a6 4. Bxc6 dxc6 5. O-O Bg4 6. h3 h5 7. d3 Qf6 8. Be3
Bxf3 9. Qxf3 Qxf3 10. gxf3 Bd6 11. Nd2 Ne7 12. Nc4 O-O-O 13. f4 exf4 14. Nxd6+
cxd6 15. Bxf4 d5 16. f3 Rhg8 17. Kh2 g5 18. Be5 Rg6 19. Rf2 f6 20. Bc3 c5 21.
Rg1 Rdg8 22. Rfg2 Kd7 23. b4 cxb4 24. Bxb4 Nc6 25. Bc3 dxe4 26. fxe4 Kd6 27. Rf1
Rf8 28. h4 g4 29. e5+ Ke6 30. exf6 Kf7 31. Rf5 Rh6 32. Re2 1-0

[Event "WYCC U16 Open 2013"]
[Site "Al-Ain UAE"]
[Date "2013.12.28"]
[Round "11.50"]
[White "Liu, Zhaoqi"]
[Black "Liu, Andrew"]
[Result "1-0"]
[WhiteElo "2061"]
[BlackElo "2236"]
[WhiteFideId "8609381"]
[BlackFideId "2071150"]
[EventDate "2013.12.18"]

1. d4 Nf6 2. c4 c5 3. Nf3 g6 4. g3 cxd4 5. Nxd4 Bg7 6. Bg2 Nc6 7. Nc3 Qa5 8. O-O
O-O 9. e3 Ne5 10. Nb3 Qc7 11. c5 Rd8 12. Nb5 Qb8 13. Bd2 Nc4 14. Rc1 a6 15. N5d4
Nxd2 16. Qxd2 e5 17. Qa5 Re8 18. Nf3 d5 19. cxd6 Qxd6 20. Rfd1 Qe6 21. Qc7 Qe7
22. Na5 Bg4 23. h3 Bxf3 24. Bxf3 e4 25. Bg2 Qb4 26. a3 Qb5 27. Bf1 Qxb2 28. Nc4
Qa2 29. Ra1 Nd5 30. Qxf7+ Kxf7 31. Rxa2 Nc3 32. Rd7+ Re7 33. Rad2 b5 34. Na5 Rc8
35. Nb7 Be5 36. h4 Rc7 37. Nd8+ Ke8 38. Rxc7 Bxc7 39. Nc6 Re6 40. Bh3 Rd6 41.
Nd4 Bb6 42. Nb3 Ke7 43. Bg2 Ke6 44. Rc2 Nb1 45. Ra2 Rd3 46. Rb2 Nxa3 47. Bxe4
Rd1+ 48. Kg2 Nc4 49. Ra2 a5 50. Bc6 b4 51. Bf3 Rd6 52. Ra4 Nb2 53. Ra2 Nd3 54.
Bg4+ Kd5 55. Nxa5 Bxa5 56. Rxa5+ Kc4 57. Ra7 h5 58. Rc7+ Kb3 59. Bd1+ Ka3 60.
Ra7+ Kb2 61. Rb7 Kc3 62. Rc7+ Kb2 63. Rb7 Kc1 64. Ba4 Kb1 65. Bd1 Kb2 66. Rb8
Rf6 67. f4 Kc3 68. Kf3 Nb2 69. Rc8+ Kd2 70. Rd8+ Kc1 71. Bb3 Rc6 72. Rd4 Rb6 73.
g4 hxg4+ 74. Kxg4 Kb1 75. e4 Kc1 76. e5 1-0

[Event "WYCC U16 Open 2013"]
[Site "Al-Ain UAE"]
[Date "2013.12.28"]
[Round "11.51"]
[White "Bayramov, Elkhan Khayyat"]
[Black "Lopatik, Nikita"]
[Result "1-0"]
[WhiteElo "2173"]
[BlackElo "1956"]
[WhiteFideId "13400525"]
[BlackFideId "13504150"]
[EventDate "2013.12.18"]

1. Nf3 c5 2. g3 Nc6 3. Bg2 g6 4. O-O Bg7 5. c3 e5 6. e4 Nge7 7. d3 d5 8. Be3 d4
9. cxd4 cxd4 10. Bd2 O-O 11. b4 a6 12. a4 h6 13. Na3 Be6 14. Qc1 Kh7 15. Nc4 b5
16. axb5 axb5 17. Na5 Qb6 18. Nh4 Rfc8 19. Qb2 Bf6 20. Nb3 g5 21. Nf3 Bxb3 22.
Qxb3 Kg7 23. h3 Ng6 24. Nh2 Be7 25. h4 Rxa1 26. Rxa1 gxh4 27. Bxh6+ Kxh6 28.
Qxf7 Rf8 29. Ng4+ Kg5 30. gxh4+ Kxh4 31. Qxg6 Rh8 32. Nxe5 1-0

[Event "WYCC U16 Open 2013"]
[Site "Al-Ain UAE"]
[Date "2013.12.28"]
[Round "11.52"]
[White "Valkama, Eero"]
[Black "Percivaldi, Martin"]
[Result "1/2-1/2"]
[WhiteElo "1960"]
[BlackElo "2169"]
[WhiteFideId "507555"]
[BlackFideId "1508148"]
[EventDate "2013.12.18"]

1. e4 e6 2. d4 d5 3. Nd2 Nc6 4. Ngf3 Nf6 5. e5 Nd7 6. Nb3 a5 7. a4 Be7 8. Bb5
Na7 9. Bd3 b6 10. O-O c5 11. c4 Bb7 12. Bf4 O-O 13. Rc1 Rc8 14. Re1 Re8 15. Re3
Nf8 16. Bf1 Ng6 17. Bg3 cxd4 18. Nbxd4 Bc5 19. cxd5 Bxd5 20. Rec3 Qe7 21. Nb3
Bb4 22. Rxc8 Nxc8 23. Nfd4 Na7 24. Qd3 Bb7 25. Qe3 Rd8 26. Nb5 Nxb5 27. Bxb5 Bd5
28. h3 Qb7 29. f3 Bxb3 30. Qxb3 Bc5+ 31. Kh1 Qd5 32. Qxd5 Rxd5 33. Bc4 Rd2 34.
b3 h5 35. Be1 Rd8 36. Bc3 Ne7 37. g4 Nc6 38. Bb5 Ne7 39. Bc4 Kh7 40. Kh2 Nc6 41.
Bb5 Nd4 42. Bxd4 Rxd4 43. Kg3 g6 44. Re1 Kh6 45. Re2 Rd1 46. Be8 Kg5 47. Bb5
Rg1+ 48. Kh2 h4 49. Bc4 Rd1 50. Kg2 Kh6 51. f4 Rg1+ 52. Kh2 Rf1 53. Re4 Rf2+ 54.
Kh1 Kg7 55. Be2 Kf8 56. Bc4 Rf3 57. Kg2 Rf2+ 58. Kh1 Ke7 59. Be2 Kd8 60. Bc4 Kc7
61. Bb5 Kd8 62. Be2 Ke7 63. Bc4 Kf8 64. Be2 Kg7 65. Bc4 Bb4 66. Kg1 Rf3 67. Kg2
Rg3+ 68. Kh2 Bd2 69. f5 gxf5 70. gxf5 exf5 71. Rxh4 Re3 72. Rd4 Bc3 73. Rd7
Bxe5+ 74. Kg2 Rg3+ 75. Kf2 Rxh3 76. Rxf7+ Kg6 77. Rd7 Kg5 78. Rd3 Rh2+ 79. Kf3
Rh6 80. Bb5 Rh4 81. Bc4 Kf6 82. Rd8 Rh3+ 83. Kg2 Rg3+ 84. Kf2 Rg5 85. Kf3 Rg3+
86. Kf2 f4 87. Rd3 Rg7 88. Kf3 Kf5 89. Bb5 Rg3+ 90. Kf2 Rg7 91. Kf3 Rg1 92. Kf2
Rc1 93. Kf3 Rh1 94. Kg2 Rh6 95. Kf3 Bd6 96. Bc4 Be5 97. Bb5 1/2-1/2

[Event "WYCC U16 Open 2013"]
[Site "Al-Ain UAE"]
[Date "2013.12.28"]
[Round "11.53"]
[White "Mezhlumyan, Marat"]
[Black "Todorovic, Nenad I"]
[Result "1/2-1/2"]
[WhiteElo "1927"]
[BlackElo "2125"]
[WhiteFideId "13302973"]
[BlackFideId "912832"]
[EventDate "2013.12.18"]

1. Nf3 c5 2. g3 Nc6 3. Bg2 g6 4. O-O Bg7 5. c4 d6 6. Nc3 Nf6 7. b3 e5 8. Bb2 O-O
9. e3 Nh5 10. d4 exd4 11. exd4 Nxd4 12. Nxd4 Bxd4 13. Qd2 Qa5 14. Rad1 Bg4 15.
Ne2 Qxd2 16. Rxd2 Bxb2 17. Rxb2 Rab8 18. Nc3 Nf6 19. Rd2 Rfd8 20. h3 Be6 21.
Rfd1 Ne8 22. Ne4 b6 23. g4 Kf8 24. Ng5 h6 25. Nxe6+ fxe6 26. Bc6 Nf6 27. Rxd6
Ke7 28. Rxd8 Rxd8 29. Rxd8 Kxd8 30. f4 Kc7 31. Bf3 g5 32. fxg5 hxg5 33. Kf2 Kd6
34. Ke3 Ke5 35. Bc6 Ng8 36. Bb7 Ne7 37. Be4 Nc8 38. Bb7 Nd6 39. Bc6 Nf7 40. Bb7
Kf6 41. Bc6 Ne5 42. Bb7 Ng6 43. Be4 Nf8 44. Kf3 Nd7 45. Bb7 Ke5 46. Ke3 Nf8 47.
Be4 Nd7 48. Bc6 Nf8 49. Be4 Nd7 50. Bc6 Nf8 1/2-1/2

[Event "WYCC U16 Open 2013"]
[Site "Al-Ain UAE"]
[Date "2013.12.28"]
[Round "11.55"]
[White "Dogan, Mire Deniz"]
[Black "Horton, Andrew P"]
[Result "1-0"]
[WhiteElo "1772"]
[BlackElo "2086"]
[WhiteFideId "6317456"]
[BlackFideId "424269"]
[EventDate "2013.12.18"]

1. d4 Nf6 2. Nf3 e6 3. c4 b6 4. g3 Bb7 5. Bg2 g6 6. O-O Bg7 7. Nc3 O-O 8. Bg5 h6
9. Bf4 Ne4 10. Qc1 Nxc3 11. bxc3 Kh7 12. Be5 Qc8 13. Bxg7 Kxg7 14. Ne5 f5 15. g4
Bxg2 16. Kxg2 Qb7+ 17. f3 d6 18. Nd3 Nd7 19. Nf4 Rae8 20. gxf5 exf5 21. Kh1 Kh7
22. Qe1 Qc6 23. Rg1 Rg8 24. Qb1 Qxc4 25. Rxg6 Qf7 26. Rxg8 Rxg8 27. Qd3 Qf6 28.
Rg1 Rxg1+ 29. Kxg1 Qg5+ 30. Ng2 Qg6 31. Qa6 Qg5 32. Qc4 c5 33. Qf7+ Qg7 34.
Qxf5+ Kg8 35. Qe6+ Kf8 36. Qxd6+ Ke8 37. Kf2 cxd4 38. cxd4 Qg5 39. Qf4 Qa5 40.
Qe4+ Kd8 41. Qe6 Qa3 42. Ne3 a5 43. Nd5 b5 44. Qxh6 a4 45. Qh8+ Nf8 46. Qf6+ Kd7
47. Qf7+ Kc6 48. Ne7+ Kd7 49. Ng6+ 1-0

[Event "WYCC U16 Open 2013"]
[Site "Al-Ain UAE"]
[Date "2013.12.28"]
[Round "11.57"]
[White "Gillot, Florent"]
[Black "Grunau, Christoph"]
[Result "0-1"]
[WhiteElo "1731"]
[BlackElo "2066"]
[WhiteFideId "225479"]
[BlackFideId "12929760"]
[EventDate "2013.12.18"]

1. e4 c5 2. Nf3 d6 3. d4 cxd4 4. Nxd4 Nf6 5. Nc3 a6 6. f4 g6 7. Bd3 Bg7 8. Nf3
Qb6 9. Qe2 Nc6 10. Rb1 Nd7 11. Bd2 e6 12. a3 Nd4 13. Nxd4 Bxd4 14. Nd1 Nc5 15.
Be3 Nxd3+ 16. Qxd3 Bxe3 17. Nxe3 Qc7 18. O-O O-O 19. f5 b5 20. Rbe1 Bb7 21. Rf4
exf5 22. exf5 Rae8 23. Rg4 Re7 24. Rg3 Rfe8 25. Rf1 Qc5 26. b4 Qe5 27. Qb3 Bd5 0-1

[Event "WYCC U16 Open 2013"]
[Site "Al-Ain UAE"]
[Date "2013.12.28"]
[Round "11.58"]
[White "Tominga, Eke"]
[Black "Hamdan, Marshool"]
[Result "1/2-1/2"]
[WhiteElo "2064"]
[BlackElo "1749"]
[WhiteFideId "4503570"]
[BlackFideId "9303804"]
[EventDate "2013.12.18"]

1. e4 c5 2. Nf3 Nc6 3. d4 cxd4 4. Nxd4 Nf6 5. Nc3 d6 6. Bg5 e6 7. Qd2 Be7 8.
O-O-O a6 9. f4 Bd7 10. Be2 b5 11. Bf3 Rc8 12. e5 dxe5 13. Nxc6 Bxc6 14. Qxd8+
Bxd8 15. fxe5 Nd5 16. Bxd8 Rxd8 17. Nxd5 Bxd5 18. Bxd5 exd5 19. Rd4 Ke7 20. c3
Rhe8 21. Kc2 Kf8 22. Re1 Re6 23. Kd2 f6 24. Rf4 Rde8 25. a4 bxa4 26. Rxa4 fxe5
27. Ra5 Rd8 28. Kd3 Ke7 29. Re2 Rdd6 30. Rf2 Rf6 31. Re2 Ke6 32. c4 dxc4+ 33.
Kxc4 Rf4+ 34. Kb3 e4 35. Ka2 Kf6 36. g3 Rg4 37. Re3 Re6 38. Ra4 h5 39. Ra5 Rg5
40. Ra4 Rge5 41. Kb1 Kf5 42. h3 a5 43. Kc2 Rd6 44. Rc4 Rdd5 45. Ra4 Rc5+ 46. Kd2
Red5+ 47. Ke1 Rc1+ 48. Kf2 Rd2+ 49. Re2 Rxe2+ 50. Kxe2 1/2-1/2

[Event "WYCC U16 Open 2013"]
[Site "Al-Ain UAE"]
[Date "2013.12.28"]
[Round "11.59"]
[White "Yang, ching Wei, Austin"]
[Black "Nazarov, Rustem"]
[Result "0-1"]
[WhiteElo "1824"]
[BlackElo "2136"]
[WhiteFideId "16300440"]
[BlackFideId "14002280"]
[EventDate "2013.12.18"]

1. b3 e5 2. Bb2 Nc6 3. e3 Nf6 4. Bb5 d6 5. Nf3 a6 6. Bxc6+ bxc6 7. d4 e4 8. Nfd2
d5 9. h3 Be7 10. c4 O-O 11. Ba3 Be6 12. Qc2 Nd7 13. Bxe7 Qxe7 14. Nc3 f5 15. g3
Nb6 16. c5 Nd7 17. O-O-O a5 18. Ndb1 Nf6 19. Na4 Bc8 20. Nbc3 Ba6 21. Kb2 Qf7
22. Ne2 Qh5 23. Rde1 Bb5 24. Nac3 Ba6 25. Na4 Rfb8 26. Qd1 Qf7 27. Reg1 Rb4 28.
Nec3 Rab8 29. Ka1 Nd7 30. Rg2 Nf8 31. Qd2 Ne6 32. Rgg1 Ng5 33. Rc1 Nf3 34. Qd1
Qf6 35. Nb2 Nxd4 36. exd4 Rxd4 37. Qc2 Rdb4 38. Rhd1 Qe5 39. Rd2 d4 40. Ne2 a4
41. Nxd4 Rxd4 42. Qc3 Rd5 43. Qxe5 Rxe5 44. Nxa4 Bb5 45. Nb2 Rd5 46. Rxd5 cxd5
47. Rd1 c6 48. Rd4 g5 49. Kb1 Kf7 50. Kc1 Ke6 51. Rb4 Rb7 52. Na4 f4 53. gxf4
gxf4 54. Nc3 Ba6 55. Rb6 Rxb6 56. cxb6 c5 57. a4 Ke5 58. Kd1 d4 59. Ne2 e3 60.
f3 Bb7 61. a5 d3 62. Nc3 Bxf3+ 63. Kc1 Bb7 64. Kd1 f3 65. Ke1 d2+ 66. Kd1 f2 67.
Ke2 Ba6+ 0-1

[Event "WYCC U16 Open 2013"]
[Site "Al-Ain UAE"]
[Date "2013.12.28"]
[Round "11.60"]
[White "Rimawy, Hosam"]
[Black "Kenes, Aldiyar"]
[Result "0-1"]
[WhiteElo "1781"]
[BlackElo "2026"]
[WhiteFideId "8103798"]
[BlackFideId "13707914"]
[EventDate "2013.12.18"]

1. e4 c5 2. Nf3 d6 3. c3 Nf6 4. h3 Nxe4 5. Qa4+ Bd7 6. Qxe4 Bc6 7. Qc2 g6 8. d4
Bg7 9. Be3 Nd7 10. Nbd2 O-O 11. Be2 cxd4 12. Bxd4 e5 13. Be3 f5 14. Nb3 a5 15.
Rd1 a4 16. Na1 f4 17. Bc1 Qe7 18. Bc4+ Kh8 19. Bd5 e4 20. Nh2 Nc5 21. O-O Bb5
22. Rfe1 Rae8 23. Bxe4 d5 24. Rxd5 Bc6 25. Rd4 Bxe4 26. Rdxe4 Nxe4 27. f3 Qc5+
28. Be3 fxe3 29. fxe4 Rf2 30. Qxa4 Ref8 31. Nb3 Qb6 32. Ng4 e2 33. Kh2 Rf1 34.
Rxe2 Qg1+ 35. Kg3 g5 36. Qb5 R8f3# 0-1

[Event "WYCC U16 Open 2013"]
[Site "Al-Ain UAE"]
[Date "2013.12.28"]
[Round "11.61"]
[White "Ahmed, Fareed"]
[Black "Aleksanyan, Hrant"]
[Result "0-1"]
[WhiteElo "1766"]
[BlackElo "1981"]
[WhiteFideId "9303677"]
[BlackFideId "13306634"]
[EventDate "2013.12.18"]

1. e4 c5 2. Nf3 e6 3. d4 cxd4 4. Nxd4 a6 5. Nc3 Qc7 6. Be2 Nf6 7. O-O d6 8. f4
Be7 9. Kh1 Nbd7 10. Bf3 O-O 11. g4 Rb8 12. g5 Ne8 13. a4 Nb6 14. Bg2 Bd7 15. f5
Nc4 16. Bh3 Qc8 17. Qe1 Nc7 18. f6 Bd8 19. b3 Ne5 20. Bb2 Ne8 21. Ba3 b5 22.
axb5 axb5 23. Bb4 Nc6 24. Nxc6 Qxc6 25. Bg2 e5 26. Rd1 Be6 27. Qg3 Bc7 28. Rd2
Ra8 29. Rfd1 Ba5 30. fxg7 Kxg7 31. Bxa5 Rxa5 32. Nd5 Bxd5 33. exd5 Qd7 34. Be4
Kh8 35. Rf1 Rg8 36. Bxh7 Rg7 37. Be4 Kg8 38. Rdf2 Qa7 39. g6 f6 40. Qg4 Re7 41.
h4 Ra1 42. Kg2 Rxf1 43. Rxf1 Qe3 44. h5 Kg7 45. Rh1 Kh6 46. Rh3 Qd2+ 47. Kf1 Ra7
48. Qe2 Ra1+ 49. Kf2 Qf4+ 50. Kg2 f5 51. Bd3 b4 52. Qe3 Qxe3 53. Rxe3 e4 54.
Bxe4 fxe4 55. Rxe4 Nf6 56. Rxb4 Ra6 57. c4 Nxh5 58. Rb8 Kxg6 59. Kf3 Kf5 60. Ke3
Nf6 61. Kd4 Ra1 62. Rb6 Rd1+ 63. Ke3 Ke5 64. Rb7 Ne4 65. Ke2 Rd2+ 66. Ke1 Kd4
67. Re7 Rh2 68. b4 Nc3 69. c5 Kd3 0-1

[Event "WYCC U16 Open 2013"]
[Site "Al-Ain UAE"]
[Date "2013.12.28"]
[Round "11.62"]
[White "Gamage, Chathulanka"]
[Black "Cofre Archibold, Nestor"]
[Result "0-1"]
[WhiteElo "1745"]
[BlackElo "1966"]
[WhiteFideId "9908102"]
[BlackFideId "5122279"]
[EventDate "2013.12.18"]

1. d4 Nf6 2. c4 c5 3. d5 e6 4. Nc3 exd5 5. cxd5 d6 6. Nf3 g6 7. g3 Bg7 8. Bg2
O-O 9. O-O Na6 10. h3 Nc7 11. a4 Rb8 12. Nd2 Nd7 13. e4 b6 14. Re1 Ba6 15. Bf1
Bxf1 16. Nxf1 a6 17. f4 b5 18. Ne3 c4 19. f5 Nc5 20. axb5 axb5 21. Qf3 b4 22.
Ncd1 Nb5 23. Rf1 c3 24. f6 Nd4 25. Qf2 Nxe4 26. fxg7 Nxf2 27. gxf8=Q+ Qxf8 28.
Rxf2 Qg7 29. Rb1 Qe5 30. Kh2 Qe4 31. Ra1 f5 32. bxc3 Nb3 33. Rfa2 Nxa1 34. Rxa1
f4 35. gxf4 Qxf4+ 36. Kg2 Qe4+ 37. Kh2 Rf8 38. cxb4 Qe5+ 0-1

[Event "WYCC U16 Open 2013"]
[Site "Al-Ain UAE"]
[Date "2013.12.28"]
[Round "11.63"]
[White "Darling, Simeon C."]
[Black "Kwon, Sehyun"]
[Result "1-0"]
[WhiteTitle "CM"]
[WhiteElo "1928"]
[BlackElo "1706"]
[WhiteFideId "14305356"]
[BlackFideId "13203088"]
[EventDate "2013.12.18"]

1. e4 c5 2. Nf3 g6 3. d4 cxd4 4. Nxd4 Nc6 5. Nc3 Bg7 6. Be3 Nf6 7. Bc4 Qa5 8.
O-O O-O 9. Bb3 d6 10. h3 Bd7 11. Re1 Nxd4 12. Bxd4 Bc6 13. Nd5 Bxd5 14. exd5
Rfe8 15. Bc3 Qc7 16. Re2 Nd7 17. Bxg7 Kxg7 18. Qd4+ Kg8 19. Rae1 Nc5 20. Bc4 a6
21. h4 b5 22. Bb3 Ra7 23. c3 Nxb3 24. axb3 Qc5 25. Qd2 Qc8 26. h5 Qg4 27. hxg6
hxg6 28. Re4 Qh5 29. Qd4 1-0

[Event "WYCC U16 Open 2013"]
[Site "Al-Ain UAE"]
[Date "2013.12.28"]
[Round "11.64"]
[White "Ostapchik, Anton"]
[Black "Choi, Ian"]
[Result "0-1"]
[WhiteElo "1897"]
[BlackElo "1655"]
[WhiteFideId "13509705"]
[BlackFideId "13201379"]
[EventDate "2013.12.18"]

1. e4 e6 2. d3 d5 3. Nd2 Nf6 4. Ngf3 Nc6 5. g3 dxe4 6. dxe4 e5 7. Bg2 Bc5 8. O-O
O-O 9. c3 a5 10. Qc2 b6 11. Nb3 Bd6 12. a4 Bb7 13. Rd1 Qc8 14. Nh4 g6 15. Bg5
Be7 16. f4 exf4 17. gxf4 Qg4 18. h3 Qe6 19. e5 Nh5 20. Bxe7 Qxe7 21. Qf2 Qe6 22.
Nd4 Nxd4 23. Bxb7 Nxf4 24. Qh2 Nde2+ 25. Kh1 Rad8 26. Bf3 Qc4 27. b3 Qxc3 28.
Bxe2 Nxe2 29. Qxe2 Qxh3+ 30. Qh2 Qxb3 31. Rxd8 Rxd8 32. Qg2 Rd1+ 33. Rxd1 Qxd1+
34. Kh2 Qh5 35. Qh3 Qxe5+ 36. Kg1 Qd4+ 37. Kh1 Qxa4 38. Ng2 Qa1+ 39. Kh2 Qe5+
40. Kh1 b5 41. Qc8+ Kg7 42. Qa6 b4 43. Qc4 c5 44. Qb5 Qa1+ 45. Kh2 Qd4 46. Qxa5
b3 47. Qb6 b2 48. Qb5 Qb4 49. Qe2 Qb8+ 0-1

[Event "WYCC U16 Open 2013"]
[Site "Al-Ain UAE"]
[Date "2013.12.28"]
[Round "11.68"]
[White "Cop, Jaka"]
[Black "Balaji, Ananthanarayanan"]
[Result "0-1"]
[WhiteElo "1722"]
[BlackElo "1973"]
[WhiteFideId "14608383"]
[BlackFideId "421197"]
[EventDate "2013.12.18"]

1. e4 c5 2. Nc3 e6 3. g3 d5 4. d3 Nc6 5. Bg2 Nge7 6. f4 g6 7. Nf3 Bg7 8. O-O O-O
9. h3 Nd4 10. Nxd4 cxd4 11. Ne2 dxe4 12. dxe4 Qb6 13. Kh2 Rd8 14. Ng1 Bd7 15.
Nf3 Bb5 16. Re1 Rac8 17. a4 Ba6 18. Bf1 Bxf1 19. Rxf1 Qc6 20. Re1 Qxc2+ 21. Kg1
d3 22. e5 Nf5 23. g4 Ng3 24. Be3 Ne2+ 25. Kf1 Qc6 26. Kf2 Qd5 27. Rxe2 dxe2 28.
Qxe2 Qb3 29. Nd2 Qc2 30. Ra3 Bf8 31. Ra2 Bc5 32. Nc4 Qxc4 0-1